Walking & leaping (Record no. 393)

MARC details
000 -LEADER
fixed length control field 00837cam a2200277 4500
001 - CONTROL NUMBER
control field 4098209
003 - CONTROL NUMBER IDENTIFIER
control field GBCCL
005 - DATE AND TIME OF LATEST TRANSACTION
control field 20241126110337.0
008 - FIXED-LENGTH DATA ELEMENTS--GENERAL INFORMATION
fixed length control field 740917s1974 njua 000 0aeng
010 ## -
-- 74079173
020 ## - INTERNATIONAL STANDARD BOOK NUMBER
International Standard Book Number 0882701029
020 ## - INTERNATIONAL STANDARD BOOK NUMBER
International Standard Book Number 0882701045 (pbk.)
040 ## - CATALOGING SOURCE
Original cataloging agency DLC
Transcribing agency DLC
Modifying agency DLC
043 ## -
-- n-us---
050 00 -
-- BX8762.Z8
-- C374
082 00 - DEWEY DECIMAL CLASSIFICATION NUMBER
Classification number 289.94
-- B
Item number CAR
100 1# - MAIN ENTRY--PERSONAL NAME
Personal name Carothers, Merlin R.
9 (RLIN) 529
245 10 - TITLE STATEMENT
Title Walking & leaping
Statement of responsibility, etc. [by] Merlin R. Carothers. Edited by David Manuel, Jr.
260 ## - PUBLICATION, DISTRIBUTION, ETC.
Place of publication, distribution, etc. Plainfield, N.J.,
Name of publisher, distributor, etc. Logos International
Date of publication, distribution, etc. [1974]
300 ## - PHYSICAL DESCRIPTION
Extent ix, 129 p.
Other physical details illus.
Dimensions 21 cm.
350 ## - PRICE (NR) (BK AM CF MU VM SE) [OBSOLETE]
Price $2.50
600 10 - SUBJECT ADDED ENTRY--PERSONAL NAME
Personal name Carothers, Merlin R.
9 (RLIN) 529
650 #0 - SUBJECT ADDED ENTRY--TOPICAL TERM
Topical term or geographic name entry element Pentecostal churches
Geographic subdivision United States
General subdivision Clergy
Form subdivision Biography.
9 (RLIN) 530
906 ## - LOCAL DATA ELEMENT F, LDF (RLIN)
a 7
b cbc
c orignew
d 2
e opcn
f 19
g y-gencatlg
942 ## - ADDED ENTRY ELEMENTS (KOHA)
Source of classification or shelving scheme Dewey Decimal Classification
Koha item type Books
Holdings
Withdrawn status Lost status Source of classification or shelving scheme Damaged status Not for loan Home library Current Library Shelving location Date acquired Total checkouts Full call number Barcode Date last seen Copy number Price effective from Koha item type
    Dewey Decimal Classification     GRACE BIBLE COLLEGE GRACE BIBLE COLLEGE Church History 2016-10-25   289.94 CAR 001154 2025-05-01 c.1 2016-10-25 Books
© Grace Bible College Library 2025